| 000 | 00873nam a22002177a 4500 | ||
|---|---|---|---|
| 999 |
_c332175 _d332175 |
||
| 003 | NUST | ||
| 005 | 20180116120424.0 | ||
| 008 | 150618t xxu||||| |||| 00| 0 eng d | ||
| 020 | _a9789699532047 | ||
| 040 | _cNUST | ||
| 082 |
_a294.3095491 _bSAF |
||
| 100 | 1 |
_aShāh, Ṣafdar ʻAlī, _98108 |
|
| 245 | 1 | 4 |
_aThe Buddhist heritage of Pakistan / _bSafdar Ali Shah and Syed Javaid A. Kazi. |
| 260 |
_aLahore: _bConstellation plus, _c2013. |
||
| 300 |
_a130p: _billustrations ; _c31 cm. |
||
| 650 |
_a Buddhism _zPakistan. _98109 |
||
| 650 |
_a Buddhism _zPakistan _vPictorial works. _98110 |
||
| 700 | 1 |
_aKazi, Syed Javaid A., _eillustrator. _98111 |
|
| 942 |
_2ddc _cBK |
||